000 00654nam a2200229Ia 4500
003 OSt
005 20220923225556.0
006 a|||||r|||| 00| 0
007 ta
008 Pun
024 _a271,728
037 _cTextual
040 _aARTS
_cARTS
_bPun
041 _2Pun
_aPun
082 _aO111,1:g, 153M0
100 _aਐਬਰਕਰੋ੍ਵਬੀ, ਲੈਸਲੀ
_9156268
245 0 _aਸਾਹਿਤਾਲੋਚਨਾ ਦੇ ਨਿਯਮ
260 _c1980
650 _aਪੰਜਾਬੀ ਸਾਹਿਤ
942 _hO111,1:g, 153M0
_cTEXL
_2CC
999 _c379205
_d379205